00725nam a2200205Ia 4500003000900000008004100009020002200050040001600072080002300088245018100111260003700292300001500329490005100344650002500395650002300420650001900443700001900462700002000481700001800501IN-BaIIA211028s9999 xx 000 0 eng d a978-1-4020-1162-7 cIIA Library a52(082.1)bASS-283 0aMass-losing pulsating stars and their circumstellar matterbobservations and theorycedited by Y. Nakada, M. Honma and M. Seki  aDordrechtbKluwer Academicc2003 axvi, 429p. aAstrophysics and space science library; v. 283 aCircumstellar masers aMassive photometry aVariable stars aHonma, M., ed. aNakada, Y., ed. aSeki, M., ed.